01471cam a2200265 a 4500001000700000003000400007005001700011008004100028010001700069020001500086035002100101040001800122050001500140082001700155245006300172246002400235250003300259260003800292300002900330505066700359650005701026650005601083650004501139700002101184741961OSt20220202115355.0990512s1999 cau f 001 0 eng  a 99033148  a0395584221 a(DLC) 99033148 aDLCcDLCdDLC00aPE1408.H8300a808/.04222100aHoughton Mifflin English. /cBrown, Ann Cole ... [et al.]. aEnglish levels 9-12 a2nd ed.b(Teacher's edition) aBoston:bHoughton Mifflin,c1992. a1 vol. [various pagings] aContents: Exploring the writing process: Investing in your writing process -- Applying the writing process: Writing with a descriptive process -- Writing a personal narrative -- Writing with an expository focus -- Writing with a persuasive focus -- Writing stories, plays and poems -- Writing about literature -- Writing a research report -- Related skills: Critical thinking -- Taking tests -- Listening and speaking -- Building vocabulary -- Spelling skills -- Study skills - Using the library -- Letters and forms -- Using a word processor -- Grammar, usage and mechanics: Parts of speech -- Sentence structure -- Phrases and clauses -- Usage -- Mechanics --  0aEnglish languagexRhetoricvHandbooks, manuals, etc. 0aEnglish languagexGrammarvHandbooks, manuals, etc. 0aReport writingvHandbooks, manuals, etc. qBrown, Ann Cole